000 00455nam a2200157Ia 4500
999 _c17811
_d17811
003 OSt
005 20200606120046.0
008 190216s9999||||xx |||||||||||||| ||und||
040 _cMESKC library
082 _a796
_bBHA/C
100 _aBharadwaj, Devendra
_9395
245 0 _aCricket Ka Romamse /
_cDevendra Bharadwaj
260 _bGhel Ghiladi Karyalay,
_aNew Delhi:
300 _a142p
942 _cBK
_2ddc
_h796
_iBHA/C
_k796
_mBHA/C